LEADER 01439nam 2200421Ka 450 001 9910698395703321 005 20070817155000.0 035 $a(CKB)4330000001761623 035 $a(OCoLC)165216856 035 $a(EXLCZ)994330000001761623 100 $a20070817d2005 ua 0 101 0 $aeng 181 $ctxt$2rdacontent 182 $cc$2rdamedia 183 $acr$2rdacarrier 200 10$aAnalyses of wind energy impact on WFEC system operations$b[electronic resource] /$fY. Wan, J.R. Liao 210 1$aGolden, CO :$cNational Renewable Energy Laboratory,$d[2005] 215 $ai, 12 pages $cdigital, PDF file 225 1 $aNREL/TP ;$v500-37851 300 $aTitle from title screen (viewed on Aug. 17, 2007). 300 $a"August 2005." 606 $aWind power plants$zOklahoma 606 $aDistributed resources (Electric utilities) 606 $aElectric power system stability 606 $aWind power$xResearch 615 0$aWind power plants 615 0$aDistributed resources (Electric utilities) 615 0$aElectric power system stability. 615 0$aWind power$xResearch. 700 $aWan$b Yih-huei$01399354 701 $aLiao$b J. R$01412935 712 02$aNational Renewable Energy Laboratory (U.S.) 801 0$bGPO 801 1$bGPO 906 $aBOOK 912 $a9910698395703321 996 $aAnalyses of wind energy impact on WFEC system operations$93508103 997 $aUNINA